000 00657nam a2200229 i 4500
001 bg
245 0 0 _aWytwarzanie form i matryc z Sandvikiem Coromantem.
260 _aWarszawa :
_bSandvik Polska,
_c2002.
300 _awiele liczb. ;
_c30 cm +
_eCD ROM.
490 1 _aNarzędzia i Technologie
650 9 _aSkrawanie
_xnarzędzia i maszyny
650 9 _aFrezowanie
_xnarzędzia i maszyny
650 9 _aSkrawanie
_xtechnologia
655 _aInformatory
710 0 _aSandvik Coromant
830 _aNarzędzia i Technologie
040 _cBPK
041 0 _apol
080 _a621.9(085.2)
942 _cKA
008 s pl f |000 0 pol
999 _c35084
_d35084
856 _uhttp://koha.tu.koszalin.pl/cgi-bin/koha/opac-detail.pl?biblionumber=35084
_yKatalog online BPK